UM Logo

Mastering fundamentals of nursing concepts and clinical application: (Record no. 5040)

MARC details
000 -LEADER
fixed length control field 00563nam a22001577a 4500
008 - FIXED-LENGTH DATA ELEMENTS--GENERAL INFORMATION
fixed length control field 161007b xxu||||| |||| 00| 0 eng d
020 ## - INTERNATIONAL STANDARD BOOK NUMBER
International Standard Book Number 9715131662
082 ## - DEWEY DECIMAL CLASSIFICATION NUMBER
Edition number 2002
Classification number DFil 610.73
Item number Q4
100 ## - MAIN ENTRY--PERSONAL NAME
9 (RLIN) 15766
Personal name Quiambao- Udan, Josie
245 ## - TITLE STATEMENT
Title Mastering fundamentals of nursing concepts and clinical application:
Remainder of title a reference book and study guide/
Statement of responsibility, etc. Josie Quiambao-Udan
250 ## - EDITION STATEMENT
Edition statement First edition
260 ## - PUBLICATION, DISTRIBUTION, ETC. (IMPRINT)
Place of publication, distribution, etc. Manila:
Name of publisher, distributor, etc. Educational Publishing House,
Date of publication, distribution, etc. c2002.
300 ## - PHYSICAL DESCRIPTION
Extent ii, 272 pages:
Other physical details illustrations;
Dimensions 26 cm.
650 #0 - SUBJECT ADDED ENTRY--TOPICAL TERM
9 (RLIN) 15767
Topical term or geographic name as entry element Nursing.
942 ## - ADDED ENTRY ELEMENTS (KOHA)
Source of classification or shelving scheme Dewey Decimal Classification
Koha item type Filipiniana
Holdings
Withdrawn status Lost status Source of classification or shelving scheme Damaged status Not for loan Collection code Home library Current library Date acquired Source of acquisition Total Checkouts Full call number Barcode Date last seen Copy number Price effective from Koha item type
    Dewey Decimal Classification     Filipiniana UM Digos College - LIC UM Digos College - LIC 01/19/2004 Purchased   DFil 610.73 Q4 2002 16445 05/15/2025 1 10/07/2016 Filipiniana
    Dewey Decimal Classification     Filipiniana UM Digos College - LIC UM Digos College - LIC 01/19/2004 Purchased   DFil 610.73 Q4 2002 16446 06/08/2021 2 10/07/2016 Filipiniana
    Dewey Decimal Classification     Filipiniana UM Digos College - LIC UM Digos College - LIC 01/19/2004 Purchased   DFil 610.73 Q4 2002 16447 06/08/2021 3 10/07/2016 Filipiniana